Fall of Hades / Richard Paul Evans.
Available copies
- 2 of 2 copies available at LARL/NWRL Consortium.
- 2 of 2 copies available at Lake Agassiz Regional Library. (Show preferred library)
Current holds
0 current holds with 2 total copies.
Show Only Available Copies
| Location | Call Number / Copy Notes | Barcode | Shelving Location | Status | Due Date |
|---|---|---|---|---|---|
| Fosston Public Library | Y EVA (Text) | 33500013828074 | Main | Available | - |
| Moorhead Public Library | Y EVA (Text) | 33500013828082 | Main | Available | - |
Record details
- ISBN: 9781481469838
- ISBN: 1481469827
- ISBN: 9781481469821
- Physical Description: xiii, 328 pages ; 24 cm.
- Edition: First Simon Pulse/Mercury Ink hardcover edition.
- Publisher: New York : Simon Pulse/Mercury Ink, 2016.
Content descriptions
| Summary, etc.: | "Michael and the Electroclan embark on their ... Read More |
| Target Audience Note: | Ages 12 up. |
Search for related items by subject
| Subject: | Friendship > Juvenile fiction. Electricity > Juvenile fiction. Tourette syndrome > Juvenile fiction. Friendship > Fiction. Electricity > Fiction. Tourette syndrome > Fiction. |
| Genre: | Young adult fiction. Science fiction. |
Search for related items by series
| LDR | 02261cam a2200469Ii 4500 | ||
|---|---|---|---|
| 001 | 213389 | ||
| 003 | LARL_NWRL_CONSORTIUM | ||
| 005 | 20230601202231.0 | ||
| 008 | 160216s2016 nyu c 000 1 eng d | ||
| 019 | . | ‡a943688255 | |
| 020 | 1 | . | ‡a9781481469838 |
| 020 | . | ‡a1481469827 ‡q(hardcover) | |
| 020 | . | ‡a9781481469821 ‡q(hardcover) | |
| 035 | . | ‡a(OCoLC)939707810 ‡z(OCoLC)943688255 | |
| 082 | 0 | 4. | ‡a[Fic] ‡223 |
| 100 | 1 | . | ‡aEvans, Richard Paul, ‡eauthor. ‡0(LARL_NWRL_CONSORTIUM)117868 |
| 245 | 1 | 0. | ‡aFall of Hades / ‡cRichard Paul Evans. |
| 246 | 3 | . | ‡aMichael Vey : ‡bFall of Hades |
| 250 | . | ‡aFirst Simon Pulse/Mercury Ink hardcover edition. | |
| 264 | 1. | ‡aNew York : ‡bSimon Pulse/Mercury Ink, ‡c2016. | |
| 300 | . | ‡axiii, 328 pages ; ‡c24 cm. | |
| 336 | . | ‡atext ‡btxt ‡2rdacontent | |
| 337 | . | ‡aunmediated ‡bn ‡2rdamedia | |
| 338 | . | ‡avolume ‡bnc ‡2rdacarrier | |
| 490 | 0 | . | ‡aMichael Vey ; ‡v6 |
| 520 | . | ‡a"Michael and the Electroclan embark on their deadliest mission yet. The head of the resistance, known only as the voice, believes that the best way to wipe out the Elgen is to steal their money. That means capturing the Joule, the Elgen boat that serves as a floating treasury. Michael and his friends have learned about a highly placed member of the Elite Global Guard named Welch who wants to defect. They also know that three of the Elgen electric youth have been condemned to death. If the Electroclan can rescue them and get to Welch first, they just might be able to steal the Joule. But it's a big if..."-- ‡cfrom dust jacket. | |
| 521 | 1 | . | ‡aAges 12 up. |
| 650 | 0. | ‡aFriendship ‡vJuvenile fiction. ‡0(LARL_NWRL_CONSORTIUM)164914 | |
| 650 | 0. | ‡aElectricity ‡vJuvenile fiction. | |
| 650 | 0. | ‡aTourette syndrome ‡vJuvenile fiction. | |
| 650 | 1. | ‡aFriendship ‡vFiction. ‡0(LARL_NWRL_CONSORTIUM)164944 | |
| 650 | 1. | ‡aElectricity ‡vFiction. | |
| 650 | 1. | ‡aTourette syndrome ‡vFiction. | |
| 655 | 0. | ‡aYoung adult fiction. | |
| 655 | 7. | ‡aScience fiction. ‡2lcgft | |
| 901 | . | ‡a213389 ‡bOCoLC ‡c213389 ‡tbiblio ‡soclc | |

Add to basket
Permalink
Disable Highlighting